[Event "ICS rated blitz match"]
[Site "207.99.83.227"]
[Date "1999.05.10"]
[Round "?"]
[White "Hossa"]
[Black "JudgeTurpin"]
[Result "0-1"]
[WhiteElo "2471"]
[BlackElo "2564"]
[Annotator "Crafty v16.6"]
[PlyCount "101"]

{annotating for player ossa using a scoring margin of +0.20 pawns. search time
limit is 1:00} 1. e4 1... e5 2. f4 exf4 3. Nf3 g5 4. d4 ({10:-1.63} 4. d4 4...
g4 5. Ne5 Qh4+ 6. Kd2 d6 7. Nd3 Nf6 8. Nc3 8... g3 $19) ({10:-0.72} 4. h3 4...
Nf6 5. Nxg5 h6 6. Nf3 Nxe4 7. Nc3 Ng3 8. Rg1 8... Bb4 $17) 4... g4 5. Bxf4 ({
9:-2.19} 5. Bxf4 5... gxf3 6. Qxf3 Nc6 7. d5 Nd4 8. Qc3 c5 9. Bb5 $19) ({
9:-1.63} 5. Ne5 5... Qh4+ 6. Kd2 d6 7. Nc4 Nc6 8. d5 Qf2+ 9. Qe2 Qd4+ 10. Qd3
Qf2+ 11. Kc3 $19) 5... gxf3 6. Qxf3 d6 7. Bc4 ({9:-2.10} 7. Bc4 7... Nc6 8. Bg5
Qxg5 9. Qxf7+ Kd8 10. Qxf8+ Kd7 11. Nd2 Nxd4 12. O-O-O Qxg2 13. Kb1 $19) ({
9:-1.67} 7. Nc3 7... Qh4+ 8. g3 Bg4 9. Qd3 Qd8 10. h3 Bd7 11. O-O-O 11... Nf6
$19) 7... Qh4+ 8. Bg3 Qf6 9. Qxf6 Nxf6 10. Nc3 Bg7 11. Nb5 ({10:-1.92} 11. Nb5
11... Na6 12. O-O-O Ng4 13. Rdf1 Be6 14. Bxe6 fxe6 15. Bf4 e5 16. dxe5 16...
Bxe5 $19) ({10:-1.58} 11. Rf1 11... Be6 12. Bxe6 fxe6 13. e5 dxe5 14. Bxe5 Nh5
15. g4 Bxe5 16. dxe5 Ng7 17. O-O-O $19) 11... Na6 12. O-O O-O 13. Bh4 Nxe4 14.
Be7 Bd7 15. Bxf8 Rxf8 16. Rad1 Bg4 17. Rde1 Nd2 18. Rf4 Bd7 19. Bd3 Nb4 20.
Nxc7 a5 21. Re7 Bc6 22. Bf5 Nc4 23. c3 ({10:+0.11} 23. c3 23... Nd5 24. Nxd5
Bxd5 25. b3 Nb6 26. c4 Bc6 27. Rh4 h5 28. Kf2 $10) ({10:+0.35} 23. b3 23... Na3
24. c4 d5 25. Bxh7+ Kxh7 26. Ne6 fxe6 27. Rxf8 dxc4 28. Rff7 $14) 23... Nxa2
24. Be6 ({11:-0.30} 24. Be6 24... fxe6 25. Rxg7+ Kxg7 26. Nxe6+ Kh6 27. Rxf8
Be4 28. Rf6+ Kh5 29. g4+ Kh4 30. Rf4 d5 31. g5+ 31... Kh3 $10) ({11:+1.34} 24.
d5 24... Nxb2 25. dxc6 bxc6 26. Ne8 Kh8 27. c4 d5 28. Nxg7 Kxg7 29. cxd5 cxd5
30. Kf2 $16) 24... fxe6 25. Rxg7+ Kxg7 26. Nxe6+ Kh6 27. Rh4+ ({11:-0.81} 27.
Rh4+ 27... Kg6 28. Nxf8+ Kg5 29. Rxh7 Nxb2 30. Rh3 Nc4 31. Rg3+ Kf4 32. Ne6+
Kf5 33. Ng7+ Ke4 34. Kf2 b5 35. Ne6 $17) ({11:+0.00} 27. Rxf8 27... Be4 28. g4
Nxb2 29. Rf6+ Bg6 30. Rf3 Bb1 31. Rf6+ 31... Bg6 $10) 27... Kg6 28. Nxf8+ Kg5
29. Rxh7 Nxb2 30. Ne6+ ({10:-1.28} 30. Ne6+ 30... Kf5 31. Nd8 Nxc3 32. Nxb7 Nc4
33. Nxa5 Nxa5 34. Rh5+ Ke4 35. Rxa5 35... Kxd4 $17) ({10:-0.39} 30. h4+ 30...
Kf6 31. g4 Nxc3 32. g5+ Kf5 33. g6 Bd5 34. h5 b5 35. h6 Ne2+ 36. Kh2 36... Nxd4
$15) 30... Kf5 31. Nd8 Nxc3 32. Nxb7 Bxb7 33. Rxb7 Nc4 34. Kh1 Ke4 35. g4 Kxd4
36. g5 Ne5 37. h4 Ne4 38. Ra7 Nc6 39. Rc7 Kd5 40. Rxc6 Kxc6 41. Kg2 a4 42. Kf3
d5 43. g6 a3 44. g7 Nf6 45. Kf4 Nh5+ 46. Kg5 Nxg7 47. Kg6 a2 48. Kg5 a1=Q 49.
Kg6 Qg1+ 50. Kf7 Nh5 51. Ke6 0-1

[Event "ICS rated blitz match"]
[Site "207.99.83.227"]
[Date "1999.05.10"]
[Round "?"]
[White "Hossa"]
[Black "JudgeTurpin"]
[Result "0-1"]
[WhiteElo "2459"]
[BlackElo "2578"]
[Annotator "Crafty v16.6"]
[PlyCount "53"]

{annotating for player ossa using a scoring margin of +0.20 pawns. search time
limit is 1:00} 1. e4 1... e5 2. f4 exf4 3. Nf3 g5 4. d4 ({10:-1.63} 4. d4 4...
g4 5. Ne5 Qh4+ 6. Kd2 d6 7. Nd3 Nf6 8. Nc3 8... g3 $19) ({10:-0.72} 4. h3 4...
Nf6 5. Nxg5 h6 6. Nf3 Nxe4 7. Nc3 Ng3 8. Rg1 8... Bb4 $17) 4... g4 5. Ne5 Qh4+
6. Kd2 d6 7. Nc4 f3 8. gxf3 Bh6+ 9. Kc3 Bxc1 10. Qxc1 gxf3 11. Nbd2 ({9:-0.86} 
11. Nbd2 11... f2 12. e5 Nc6 13. Nf3 Qe4 14. Qe3 d5 15. Bd3 Qxe3 16. Nxe3 $17)
({9:-0.39} 11. Qe3 11... Nf6 12. Nbd2 f2 13. Be2 Bh3 14. Bf1 Be6 15. Na5 15...
Ng4 $15) 11... Nf6 12. e5 ({9:-1.37} 12. e5 12... Nc6 13. exf6 Qxd4+ 14. Kb3 b5
15. Nxf3 bxc4+ 16. Ka4 Qxf6 17. Qe3+ Qe6 18. Re1 $17) ({9:-0.80} 12. Nxf3 12...
Qxe4 13. Qd1 Bg4 14. Bg2 Nc6 15. Re1 Bxf3 16. Qxf3 Nd5+ 17. Kd2 $17) 12... Nd5+
13. Kb3 b5 14. Nxd6+ cxd6 15. Bxb5+ ({8:-2.16} 15. Bxb5+ 15... Bd7 16. Nxf3 Qe4
17. Qf1 Ne3 18. Qe2 Bxb5 19. Qxb5+ Nc6 20. exd6 20... Qxf3 $19) ({8:-1.79} 15.
exd6 15... Qxd4 16. Bxb5+ Bd7 17. Re1+ Kd8 18. Re4 Qb6 19. a4 Bxb5 20. axb5
Qxd6 21. Nxf3 $19) 15... Bd7 16. Nxf3 Qe4 17. Qf1 Ne3 18. Qe2 ({9:-5.14} 18.
Qe2 18... Bxb5 19. Qxb5+ Nc6 20. Qe2 dxe5 21. c3 Qd5+ 22. c4 Nxd4+ 23. Nxd4
Qxd4 24. Rhc1 $19) ({9:-3.99} 18. Qd3 18... Qxf3 19. Rhe1 Bxb5 20. Rxe3 Bxd3
21. Rxf3 Be4 22. Rf6 $19) 18... Bxb5 19. Qxb5+ Nd7 20. Qe2 ({9:-8.88} 20. Qe2
20... Rb8+ 21. Ka3 Nxc2+ 22. Qxc2 Qxc2 23. b3 Qc3 24. Rhf1 dxe5 25. dxe5 Qa5+
26. Kb2 Nxe5 27. Nxe5 27... Qxe5+ $19) ({9:-6.17} 20. e6 20... Qxc2+ 21. Kb4
a5+ 22. Ka3 Nc4+ 23. Qxc4 Qxc4 24. exd7+ Kxd7 25. b3 Qb4+ 26. Kb2 Rac8 27. Rhc1
27... f5 $19) 20... Rb8+ 21. Kc3 ({9:-13.60} 21. Kc3 21... Rc8+ 22. Kb4 Qb7+
23. Ka3 Rxc2 24. Rab1 Rxe2 25. Rhc1 a5 26. b4 26... Qxf3 $19) ({9:-8.81} 21.
Ka3 21... Nxc2+ 22. Qxc2 Qxc2 23. b3 Qc3 24. exd6 Qxf3 25. Rhe1+ Kd8 26. Re7
$19) 21... Rc8+ 22. Kb3 Qb7+ 23. Ka3 Nxc2+ 24. Qxc2 Rxc2 25. Rhb1 Nb6 26. Kb3
Qc6 27. a4 0-1

[Event "ICS rated blitz match"]
[Site "207.99.83.227"]
[Date "1999.05.10"]
[Round "?"]
[White "Angharad"]
[Black "Hossa"]
[Result "0-1"]
[WhiteElo "2087"]
[BlackElo "2448"]
[PlyCount "44"]

1. e4 e5 2. Nf3 Nf6 3. Nxe5 Qe7 4. d4 d6 5. Nf3 Qxe4+ 6. Be3 Ng4 7. Bd3 Nxe3 8.
Bxe4 Nxd1 9. Kxd1 Be7 10. Re1 c6 11. c4 Be6 12. b3 d5 13. cxd5 cxd5 14. Bd3 Nc6
15. h3 O-O 16. Nc3 Rac8 17. Kd2 Bf6 18. Ne2 Rfe8 19. a3 a6 20. b4 g6 21. Rac1
Bg7 22. Bb1 22... Bh6+ {Angharad resigns} 0-1

[Event "ICS rated blitz match"]
[Site "207.99.83.227"]
[Date "1999.05.10"]
[Round "?"]
[White "Chemberlen"]
[Black "Hossa"]
[Result "0-1"]
[WhiteElo "2391"]
[BlackElo "2452"]
[PlyCount "222"]

1. d4 Nf6 2. c4 d6 3. Nc3 Nbd7 4. e4 e5 5. Nf3 Be7 6. Be2 O-O 7. O-O c5 8. dxe5
dxe5 9. Qc2 Ng4 10. Nd5 a5 11. Nd2 Ndf6 12. Nb1 Nxd5 13. cxd5 Qd6 14. Nc3 Rd8
15. a4 Qg6 16. h3 Nh6 17. Kh1 f5 18. Bxh6 Qxh6 19. exf5 Qh4 20. Bd3 c4 21. Be4
Bd7 22. Kh2 Rf8 23. g3 Qh5 24. Rad1 Bd6 25. Nb5 Bxb5 26. axb5 Rac8 27. b6 Kh8
28. Rfe1 Bb4 29. Re2 c3 30. b3 Rcd8 31. Qd3 Rd6 32. Bf3 Qxf5 33. Qxf5 Rxf5 34.
Be4 Rf8 35. Bc2 Bc5 36. Kg2 Bd4 37. f4 exf4 38. gxf4 Rxd5 39. Be4 Re8 40. Kf3
Rd7 41. Bf5 Rxe2 42. Kxe2 Rd8 43. Bc2 Bxb6 44. Rxd8+ Bxd8 45. Bd3 Be7 46. f5
Ba3 47. Be4 b5 48. Kd3 Bb2 49. Bc6 b4 50. Bd5 Bc1 51. h4 Bf4 52. h5 Bg5 53. Be6
Be7 54. Bd5 Bd6 55. Be6 Be5 56. Bd5 Bd4 57. Be6 Bg1 58. Bd5 Bb6 59. Be6 Bc5 60.
Bd5 Bf2 61. Be6 Bg3 62. Bd5 Be5 63. Be6 Bc7 64. Bd5 Bf4 65. Be6 Bb8 66. Bd5 Bg3
67. Be6 Be1 68. Bd5 Bd2 69. Be6 h6 70. Bd5 Be1 71. Bf7 Kh7 72. Be6 Bg3 73. Bd5
Bh2 74. Be6 Bc7 75. Bd5 Bd6 76. Be6 Be5 77. Bd5 Kh8 78. Be6 Bf4 79. Bd5 Bc7 80.
Be6 Bd8 81. Bd5 Bg5 82. Be6 Kh7 83. Bd5 Bh4 84. Be6 Bf2 85. Bd5 Kh8 86. Be6 Bc5
87. Bd5 Bd6 88. Be6 Kh7 89. Bd5 Bc5 90. Be6 Bg1 91. Bd5 Bb6 92. Be6 Kh8 93. Bd5
Bc5 94. Be6 Be7 95. Bd5 Kh7 96. Be6 Bf8 97. Bd5 Kh8 98. Be6 Bd6 99. Bd5 Bf4
100. Be6 Be5 101. Bd5 Bg3 102. Be6 Bf2 103. Bd5 Kh7 104. Be6 Bc5 105. Bd5 Bd4
106. Be6 Bf6 107. Bd5 Kh8 108. Be6 Bg5 109. Bd5 Be7 110. Be6 Kh7 111. Bd5
111... Bg5 {Chemberlen resigns} 0-1

[Event "ICS rated blitz match"]
[Site "207.99.83.227"]
[Date "1999.05.10"]
[Round "?"]
[White "Hossa"]
[Black "Chemberlen"]
[Result "1/2-1/2"]
[WhiteElo "2462"]
[BlackElo "2374"]
[PlyCount "117"]

1. e4 c6 2. Nf3 d5 3. exd5 cxd5 4. d4 Bg4 5. Be2 e6 6. O-O Nc6 7. Nbd2 Bd6 8.
c4 Nf6 9. h3 Bh5 10. Qb3 Rb8 11. g4 Bg6 12. Qe3 O-O 13. Ne5 Bxe5 14. dxe5 d4
15. Qg3 Nd7 16. f4 Bc2 17. g5 Bf5 18. Rd1 Nc5 19. Nb3 Qb6 20. Nxc5 Qxc5 21. b3
Rfd8 22. a3 a5 23. Bf1 Qb6 24. Ra2 d3+ 25. Qe3 Qxb3 26. Rad2 Qxc4 27. Bxd3 Bxd3
28. Rxd3 Rxd3 29. Rxd3 Ne7 30. Bd2 Nd5 31. Qf3 g6 32. h4 b5 33. Bxa5 Rc8 34.
Bd2 Qc2 35. Qf1 Rc4 36. Kh1 Re4 37. Kg1 Qc4 38. Rf3 Qc2 39. Rd3 Kg7 40. Kh1 Ne7
41. Qf3 Nf5 42. Kg1 Qb1+ 43. Kh2 Rc4 44. Rd7 Rc2 45. h5 gxh5 46. Qxh5 Rxd2+ 47.
Rxd2 Qe1 48. Rg2 Qf1 49. Rg4 Qf2+ 50. Kh3 Qf3+ 51. Kh2 Qf2+ 52. Kh3 Qf3+ 53.
Kh2 Ne3 54. Qh6+ Kg8 55. Rg1 Qf2+ 56. Kh1 Qf3+ 57. Kh2 Qf2+ 58. Kh1 Qf3+ 59.
Kh2 {Game drawn by repetition} 1/2-1/2

[Event "ICS rated blitz match"]
[Site "207.99.83.227"]
[Date "1999.05.10"]
[Round "?"]
[White "xypher"]
[Black "Hossa"]
[Result "1-0"]
[WhiteElo "2796"]
[BlackElo "2459"]
[Annotator "Crafty v16.6"]
[PlyCount "84"]

{annotating for player ossa using a scoring margin of +0.20 pawns. search time
limit is 1:00} 1. e4 1... e5 2. Nf3 Nf6 3. d4 exd4 4. e5 Ne4 5. Qxd4 d5 6. exd6
Nxd6 7. Bg5 f6 8. Bf4 Nc6 9. Qa4 Qe7+ 10. Be2 Bd7 11. a3 O-O-O ({9:+0.12} 11...
O-O-O 12. Nc3 g5 13. Bxd6 Qxd6 14. Nb5 Qc5 15. O-O g4 16. Nd2 $10) ({9:+0.54} 
11... Nf5 12. Qc4 g5 13. Bxc7 Rc8 14. g4 Rxc7 15. gxf5 15... Bxf5 $15) 12. Nc3
g5 13. Bxd6 Qxd6 14. O-O Qc5 15. Ne4 Qe7 16. Ng3 Rg8 ({9:-0.17} 16... Rg8 17.
Rad1 Bh6 18. Bb5 Kb8 19. Rfe1 Qc5 20. Re4 20... f5 $10) ({9:+0.07} 16... Kb8
17. Rad1 Ne5 18. Qa5 Qc5 19. Qxc5 Bxc5 20. Rd5 Bd6 21. Re1 $10) 17. Rfe1 Qg7
18. Bc4 Rh8 19. Bd5 g4 ({10:-0.83} 19... g4 20. Nd4 Nxd4 21. Qxd4 b6 22. Bc4
Bc5 23. Ba6+ Kb8 24. Qe4 Bc8 25. Bxc8 $16) ({10:-0.39} 19... Kb8 20. Qb5 a6 21.
Qb3 Bd6 22. Ne4 Qf8 23. Nd4 Na5 24. Qe3 $14) 20. Nd4 Nxd4 21. Qxd4 c6 22. Be4
c5 ({10:-1.31} 22... c5 23. Qc4 Qg8 24. Bd5 Qg5 25. Qe4 b6 26. Bc6 Bxc6 27.
Qxc6+ Kb8 28. Re6 $16) ({10:-1.02} 22... f5 23. Nxf5 Qxd4 24. Nxd4 Bd6 25. Rad1
Bf4 26. c4 Kb8 27. Bf5 27... Bc8 $16) 23. Qd5 Ba4 24. Qe6+ Kb8 25. Nf5 Qd7 26.
Qxf6 Rg8 27. b3 Bb5 28. c4 Ba6 29. Qh4 Re8 ({10:-2.19} 29... Re8 30. Bd5 Rxe1+
31. Rxe1 Rg6 32. Bf7 Rb6 33. Qg3+ Bd6 34. Nxd6 Qxd6 35. Re8+ Kc7 36. Qxg4 Rxb3
37. Qc8+ Kb6 38. Rd8 $18) ({10:-1.74} 29... Bg7 30. Nxg7 Rxg7 31. Bd5 Qd6 32.
Re6 Qc7 33. b4 g3 34. hxg3 34... Rgd7 $18) 30. Bd5 Rxe1+ 31. Rxe1 Rg6 32. Qg3+
Ka8 33. Qe5 Qd8 34. Qe8 Qb8 35. Qd7 Bd6 36. Re8 Bxh2+ 37. Kf1 Bf4 38. b4 Rb6
39. Rxb8+ Bxb8 40. b5 Bxb5 41. cxb5 g3 42. a4 a5 1-0

[Event "ICS rated blitz match"]
[Site "207.99.83.227"]
[Date "1999.05.10"]
[Round "?"]
[White "Hossa"]
[Black "JudgeTurpin"]
[Result "0-1"]
[WhiteElo "2455"]
[BlackElo "2582"]
[Annotator "Crafty v16.6"]
[PlyCount "73"]

{annotating for player ossa using a scoring margin of +0.20 pawns. search time
limit is 1:00} 1. e4 1... e5 2. f4 exf4 3. Nf3 d6 4. d4 g5 5. h3 Bg7 6. Be2 f5
7. Nc3 Nc6 8. Bb5 Bd7 9. exf5 ({9:-1.05} 9. exf5 9... Qe7+ 10. Ne2 O-O-O 11. d5
Ne5 12. Bxd7+ Rxd7 13. Nfd4 Nf6 14. Ne6 14... Ne4 $17) ({9:-0.77} 9. Qe2 9...
Nxd4 10. Nxd4 Bxd4 11. Qh5+ Kf8 12. Bxd7 Qxd7 13. Qxg5 Bxc3+ 14. bxc3 Re8 15.
Bxf4 Rxe4+ 16. Be3 $17) 9... Bxf5 10. d5 a6 11. dxc6 Bxc3+ 12. bxc3 axb5 13.
cxb7 Rb8 14. Qd5 Ne7 15. Qxb5+ Qd7 16. Rb1 ({10:+0.70} 16. Rb1 16... Bxc2 17.
Qxd7+ Kxd7 18. Rb2 Be4 19. Nxg5 Bxb7 20. O-O Nd5 21. Rf3 21... h6 $14) ({
10:+1.25} 16. Qxd7+ 16... Bxd7 17. Nxg5 O-O 18. O-O Ng6 19. Rb1 h6 20. Ne4 Bc6
21. Nxd6 $16) 16... h6 17. Qxd7+ Kxd7 18. h4 Nd5 19. c4 ({10:-0.17} 19. c4
19... Rhe8+ 20. Kd2 Nf6 21. Rh2 Ne4+ 22. Kd3 Ng3+ 23. Kc3 Ne2+ 24. Kd2 g4 25.
Rb5 gxf3 26. Rxf5 Rxb7 27. gxf3 $10) ({10:+0.40} 19. hxg5 19... Nxc3 20. Rb2
Rhe8+ 21. Kf1 hxg5 22. Nd4 Be4 23. Bd2 Nd1 24. Rb1 $14) 19... Nc3 20. Rb2 Rhe8+
21. Kf1 Ne2 22. hxg5 Ng3+ 23. Kg1 Nxh1 24. Kxh1 hxg5 25. Rb5 ({12:-2.87} 25.
Rb5 25... Bxc2 26. Rxg5 Rxb7 27. Rg7+ Kc6 28. Bxf4 Re4 29. Rf7 Rxc4 30. Be3
Rb1+ 31. Kh2 31... Rb2 $19) ({12:-2.08} 25. Kg1 25... g4 26. Nd4 Be4 27. Bxf4
Rxb7 28. Rb3 Ra7 29. a3 c5 30. Nb5 30... Bxc2 $19) 25... g4 26. Rxf5 ({11:-4.44
} 26. Rxf5 26... gxf3 27. gxf3 Re1+ 28. Kh2 Rxc1 29. Rxf4 Rxc2+ 30. Kg3 Rxa2
31. Rf7+ Kc6 32. f4 32... Rxb7 $19) ({11:-3.81} 26. Bxf4 26... gxf3 27. gxf3
Bxc2 28. Rb4 Kc6 29. c5 Kxc5 30. Rb2 Re1+ 31. Kh2 Re2+ 32. Kg3 $19) 26... gxf3
27. Rf7+ Kc6 28. Bxf4 Re1+ 29. Kh2 f2 30. Bxd6 f1=Q 31. Rxf1 Rxf1 32. Be7 Rf2
33. c3 Rxa2 34. Bf6 Rxb7 35. Kh3 Rbb2 36. g3 Kc5 37. Be5 0-1

[Event "ICS rated blitz match"]
[Site "207.99.83.227"]
[Date "1999.05.10"]
[Round "?"]
[White "Hossa"]
[Black "JudgeTurpin"]
[Result "0-1"]
[WhiteElo "2445"]
[BlackElo "2592"]
[Annotator "Crafty v16.6"]
[PlyCount "51"]

{annotating for player ossa using a scoring margin of +0.20 pawns. search time
limit is 1:00} 1. e4 1... e5 2. f4 exf4 3. Nf3 g5 4. d4 ({10:-1.63} 4. d4 4...
g4 5. Ne5 Qh4+ 6. Kd2 d6 7. Nd3 Nf6 8. Nc3 8... g3 $19) ({10:-0.72} 4. h3 4...
Nf6 5. Nxg5 h6 6. Nf3 Nxe4 7. Nc3 Ng3 8. Rg1 8... Bb4 $17) 4... g4 5. Ne5 Qh4+
6. Kd2 d6 7. Nc4 f3 8. gxf3 Bh6+ 9. Kc3 Bxc1 10. Qxc1 gxf3 11. Nbd2 ({9:-0.86} 
11. Nbd2 11... f2 12. e5 Nc6 13. Nf3 Qe4 14. Qe3 d5 15. Bd3 Qxe3 16. Nxe3 $17)
({9:-0.39} 11. Qe3 11... Nf6 12. Nbd2 f2 13. Be2 Bh3 14. Bf1 Be6 15. Na5 15...
Ng4 $15) 11... Nf6 12. e5 ({9:-1.37} 12. e5 12... Nc6 13. exf6 Qxd4+ 14. Kb3 b5
15. Nxf3 bxc4+ 16. Ka4 Qxf6 17. Qe3+ Qe6 18. Re1 $17) ({9:-0.80} 12. Nxf3 12...
Qxe4 13. Qd1 Bg4 14. Bg2 Nc6 15. Re1 Bxf3 16. Qxf3 Nd5+ 17. Kd2 $17) 12... Nd5+
13. Kb3 b5 14. Nxd6+ cxd6 15. Nxf3 ({8:-2.16} 15. Nxf3 15... Qe4 16. Bxb5+ Bd7
17. Qf1 Ne3 18. Qe2 Bxb5 19. Qxb5+ Nc6 20. exd6 20... Qxf3 $19) ({8:-1.79} 15.
exd6 15... Qxd4 16. Bxb5+ Bd7 17. Re1+ Kd8 18. Re4 Qb6 19. a4 Bxb5 20. axb5
Qxd6 21. Nxf3 $19) 15... Qe4 16. Bxb5+ Bd7 17. Bxd7+ ({9:-4.46} 17. Bxd7+ 17...
Nxd7 18. exd6 Qxf3+ 19. c3 Rb8+ 20. Ka3 N7b6 21. Re1+ Kd7 22. b3 Nxc3 23. Re3
Nb5+ 24. Kb2 $19) ({9:-2.76} 17. Qf1 17... Ne3 18. Qd3 Qxf3 19. exd6 Bxb5 20.
Qxb5+ Nc6 21. Rhe1 21... O-O $19) 17... Nxd7 18. exd6 Qxf3+ 19. c3 Ne3 20.
Qxe3+ Qxe3 21. Rhe1 Rb8+ 22. Ka3 Qe6 23. Rxe6+ fxe6 24. c4 Rf8 25. Re1 Nb6 26.
b3 0-1

[Event "ICS rated blitz match"]
[Site "207.99.83.227"]
[Date "1999.05.10"]
[Round "?"]
[White "Hossa"]
[Black "JudgeTurpin"]
[Result "0-1"]
[WhiteElo "2435"]
[BlackElo "2602"]
[Annotator "Crafty v16.6"]
[PlyCount "117"]

{annotating for player ossa using a scoring margin of +0.20 pawns. search time
limit is 1:00} 1. e4 1... e5 2. f4 exf4 3. Nf3 h6 4. b3 ({9:-0.83} 4. b3 4...
Be7 5. h4 Nc6 6. Nc3 Nf6 7. Bb5 Bc5 8. Bb2 $17) ({9:-0.38} 4. d4 4... Nf6 5.
Qe2 g5 6. e5 Nh5 7. Nfd2 Ng7 8. Qb5 $15) 4... d6 5. d4 g5 6. Bb5+ ({9:-1.84} 6.
Bb5+ 6... c6 7. Bd3 g4 8. Nfd2 Qh4+ 9. Ke2 Nf6 10. e5 Nd5 11. Bb2 $19) ({
9:-0.82} 6. h3 6... Ne7 7. Nc3 Bg7 8. Bb2 Nbc6 9. Bc4 Na5 10. Bd3 $17) 6... c6
7. Be2 g4 8. Nfd2 Qh4+ 9. Kf1 f3 10. Bd3 ({9:-1.91} 10. Bd3 10... fxg2+ 11.
Kxg2 Nf6 12. Nc3 Nh5 13. Ne2 Qh3+ 14. Kf2 Nd7 15. Qf1 Qh4+ 16. Ng3 $19) ({
9:-1.40} 10. Bc4 $17) 10... fxg2+ 11. Kxg2 Be6 12. Bb2 Bg7 13. Qe1 Qxe1 14.
Rxe1 c5 15. Bb5+ Nc6 16. c3 cxd4 17. cxd4 Nge7 18. Bc3 d5 19. Bxc6+ bxc6 20. e5
Kd7 21. Na3 f6 22. exf6 Bxf6 23. b4 Bh4 24. Re2 Nf5 25. Nb3 Rae8 26. Nc5+ Kd6
27. Rc1 Bd7 28. Re5 Bg5 29. Rce1 Bf4 30. Kh1 Nh4 31. Rxe8 Rxe8 32. Rxe8 Bxe8
33. Nd3 Bg5 34. Ne5 h5 35. Nc2 Bg6 36. Nxg6 Nxg6 37. Be1 Ke6 38. Bg3 Bf6 39.
Bb8 a6 40. Ba7 Nf4 41. Kg1 Kf5 42. Bc5 Ne6 43. Kg2 Ke4 44. Kg3 Nxc5 45. bxc5 a5
46. Na1 Bxd4 47. Nc2 Be5+ 48. Kh4 Bxh2 49. Kxh5 g3 50. Ne1 d4 51. Kg4 g2 52.
Nf3 d3 53. Nd2+ Ke3 54. Nf3 Bf4 55. Ng1 d2 56. Kh3 d1=Q 57. Kxg2 Qg4+ 58. Kf1
Bh2 59. Nf3 0-1

[Event "ICS rated blitz match"]
[Site "207.99.83.227"]
[Date "1999.05.10"]
[Round "?"]
[White "ComputerTal2"]
[Black "Hossa"]
[Result "1-0"]
[WhiteElo "2391"]
[BlackElo "2426"]
[Annotator "Crafty v16.6"]
[PlyCount "113"]

{annotating for player ossa using a scoring margin of +0.20 pawns. search time
limit is 1:00} 1. e4 1... e5 2. Nf3 Nf6 3. d4 exd4 4. e5 Ne4 5. Qxd4 d5 6. exd6
Nxd6 7. Nc3 Nc6 8. Qf4 Bf5 9. Bb5 Qe7+ ({9:-0.90} 9... Qe7+ 10. Kf1 Bxc2 11.
Nd5 Qd7 12. Ne5 Qc8 13. Bxc6+ bxc6 14. Nb4 Qf5 15. Nbxc6 Qxf4 16. Bxf4 $16) ({
9:-0.63} 9... Be7 10. Nd4 Bd7 11. Nxc6 bxc6 12. Ba4 Nb5 13. Ne4 Bb4+ 14. c3
14... Ba5 $14) 10. Kf1 Bxc2 11. Nd5 Qd7 12. Ne5 Qc8 13. a4 Bb3 14. Qf3 Bxd5 15.
Qxd5 f6 16. Nxc6 Nxb5 17. Qh5+ g6 18. Qxb5 bxc6 19. Qxc6+ Kf7 20. Bf4 Rb8 21.
Re1 Rxb2 ({9:-1.04} 21... Rxb2 22. Qc4+ Kg7 23. Bh6+ Kxh6 24. Qc1+ Kg7 25. Qxb2
Qg4 26. Qb7 Qc4+ 27. Kg1 Bb4 28. Re4 $16) ({9:-0.69} 21... Rb6 22. Qc4+ Kg7 23.
Qc1 Qd7 24. a5 Qb5+ 25. Kg1 Rc6 26. Qd2 26... Qf5 $14) 22. a5 Bb4 ({9:-0.34} 
22... Bb4 23. Bc1 Bxe1 24. Bxb2 Qd8 25. Qc4+ Kg7 26. Bxf6+ Kxf6 27. Qf4+ Kg7
28. Kxe1 $14) ({9:+0.14} 22... Qd8 23. Qc3 Rb4 24. Bxc7 Qd4 25. Qxd4 Rxd4 26.
Ke2 Bb4 27. Rd1 $10) 23. Bc1 Rb1 ({10:-0.60} 23... Rb1 24. Qd5+ Kg7 25. Bh6+
Kxh6 26. Rxb1 Qd8 27. Qf3 Bxa5 28. Rd1 Qe7 29. Qf4+ Kg7 30. Rd5 $14) ({10:+0.00
} 23... Bxe1 24. Bxb2 Qd8 25. Qc4+ Kg7 26. Bxf6+ Kxf6 27. Qf4+ Ke6 28. Qe4+ Kf7
29. Qf4+ 29... Ke6 $10) 24. Qc4+ Kg7 25. Bh6+ Kxh6 26. Rxb1 Bxa5 27. Qd4 Qf5
28. Qe3+ g5 29. Rd1 Bb6 30. Qh3+ Qxh3 31. gxh3 Rc8 32. Rg1 Kh5 33. Rg4 a5 34.
Rd7 h6 35. Re4 Rf8 36. Ke2 Ra8 37. Re6 Kg6 38. Ree7 Rg8 39. f4 gxf4 40. Kf3 h5
41. Rd2 Rh8 42. Kxf4 h4 43. Rg2+ Kh5 44. Kf5 a4 45. Rg4 Bc5 46. Ree4 Bf2 47.
Kxf6 Rf8+ 48. Kg7 Rf5 49. Re8 Rg5+ 50. Kf6 Bd4+ 51. Rxd4 Rg6+ 52. Kf7 c6 53.
Rc4 Kh6 54. Rh8+ Kg5 55. Rg4+ Kf5 56. Rh5+ Rg5 57. Rhxg5# 1-0

[Event "ICS rated blitz match"]
[Site "207.99.83.227"]
[Date "1999.05.10"]
[Round "?"]
[White "Hossa"]
[Black "JudgeTurpin"]
[Result "0-1"]
[WhiteElo "2408"]
[BlackElo "2544"]
[Annotator "Crafty v16.6"]
[PlyCount "68"]

{annotating for player ossa using a scoring margin of +0.20 pawns. search time
limit is 1:00} 1. e4 1... e5 2. f4 d5 3. exd5 c6 4. Qe2 cxd5 5. Qxe5+ Be6 6.
Bb5+ Nc6 7. f5 Qg5 8. g4 Be7 9. Nh3 ({9:+0.61} 9. Nh3 9... Qh4+ 10. Nf2 Nf6 11.
Qg3 Qxg3 12. hxg3 Bd7 13. g5 Ng8 14. Bxc6 14... Bxc6 $14) ({9:+1.11} 9. Qg3
9... Bc8 10. h4 Qh6 11. Nc3 Bd6 12. Qf3 a6 13. d3 $16) 9... Qxg4 10. fxe6 O-O-O
11. Bxc6 bxc6 12. Nf2 Bh4 13. e7 ({8:+0.45} 13. e7 13... Re8 14. Kf1 Bxf2 15.
Qd6 Nxe7 16. Kxf2 Qf5+ 17. Kg2 17... Qxc2 $14) ({8:+2.55} 13. exf7 13... Nh6
14. Qe2 Rhf8 15. Nc3 Rxf7 16. Qa6+ Kb8 17. Rf1 Bxf2+ 18. Rxf2 Qg1+ 19. Qf1 $18)
13... Re8 14. Kf1 Bxf2 15. Qc3 Nxe7 16. Kxf2 Qh4+ 17. Qg3 Qd4+ 18. Kf1 Nf5 19.
Qf3 ({10:-4.81} 19. Qf3 19... Nh4 20. Qh3+ Kb7 21. Qb3+ Ka8 22. Qg3 Qe4 23. Kg1
Qe1+ 24. Qxe1 Rxe1+ 25. Kf2 Rxh1 26. Nc3 Rxh2+ 27. Ke3 $19) ({10:+0.00} 19. Qf2
19... Qg4 20. Rg1 Qh3+ 21. Qg2 Qh4 22. Qf2 22... Qh3+ $10) 19... Nh4 20. Qh3+
Kb7 21. Qg3 Qe4 22. Kg1 Nf3+ 23. Kg2 Nxd2+ 24. Kg1 Nf3+ 25. Kg2 Ng5+ 26. Kg1
Qd4+ 27. Kf1 Qd1+ 28. Kg2 Re2+ 29. Qf2 Rxf2+ 30. Kxf2 Qf3+ 31. Ke1 Re8+ 32. Be3
Rxe3+ 33. Kd2 Ne4+ 34. Kc1 Qxh1# 0-1

[Event "ICS rated blitz match"]
[Site "207.99.83.227"]
[Date "1999.05.11"]
[Round "?"]
[White "razzle"]
[Black "Hossa"]
[Result "1-0"]
[WhiteElo "2838"]
[BlackElo "2398"]
[Annotator "Crafty v16.6"]
[PlyCount "58"]

{annotating for player ossa using a scoring margin of +0.20 pawns. search time
limit is 1:00} 1. e4 1... e5 2. Nf3 Nf6 3. Nxe5 Qe7 4. Nf3 Nxe4 ({10:-1.08} 
4... Nxe4 5. Be2 d5 6. O-O Bg4 7. d3 Nf6 8. Re1 Nc6 9. Bf1 $16) ({10:-0.04} 
4... Qxe4+ 5. Be2 Be7 6. O-O O-O 7. Nc3 Qg4 8. Ne5 Qd4 9. Nf3 9... Qf4 $10) 5.
Be2 Qd8 6. O-O Be7 7. Nc3 Nxc3 8. dxc3 O-O 9. Qd5 c6 10. Qh5 d5 11. Bd3 g6 12.
Qh6 Nd7 13. Re1 Nf6 14. Bg5 Re8 ({11:-1.24} 14... Re8 15. Qh4 Be6 16. Nd4 Ne4
17. Nxe6 fxe6 18. Bxe7 Qxe7 19. Qxe7 Rxe7 20. Bxe4 dxe4 21. Rxe4 $16) ({
11:-0.68} 14... Ng4 15. Bxe7 Nxh6 16. Bxd8 Rxd8 17. Re7 Kf8 18. Rae1 Nf5 19.
Bxf5 Bxf5 20. Ng5 $14) 15. Qh4 Kg7 16. Re5 Be6 17. Nd4 Bd6 ({8:-3.81} 17... Bd6
18. Nf5+ Bxf5 19. Rxe8 Qxe8 20. Bxf6+ Kg8 21. Bxf5 Be5 22. Bxe5 Qxe5 23. Bd7
$18) ({8:-1.01} 17... Qd6 18. Re3 Bd7 19. Rae1 Rad8 20. Bh6+ Kg8 21. Qg5 21...
Bf8 $16) 18. Nf5+ Bxf5 19. Rxe8 Bxh2+ 20. Kxh2 Ng4+ 21. Qxg4 Qc7+ ({10:-4.19} 
21... Qc7+ 22. Kg1 Bxg4 23. Rxa8 f6 24. Be3 c5 25. Re1 c4 26. Be2 Bxe2 27. Rxe2
$18) ({10:-3.83} 21... Qd6+ 22. Kg1 Rxe8 23. Bxf5 gxf5 24. Qxf5 Qg6 25. Qxg6+
hxg6 26. Kf1 Re5 27. Be3 b6 28. Ke2 $18) 22. Kg1 Bxg4 23. Rxa8 Qb6 ({10:-4.83} 
23... Qb6 24. Re1 h6 25. Be3 c5 26. b4 Qf6 27. Bxc5 Qxc3 28. Re7 $18) ({
10:-4.44} 23... f6 24. Bd2 b6 25. Re1 Qd7 26. Rae8 Kf7 27. Rh8 Kg7 28. Ree8 $18
) 24. Re1 Qxb2 ({10:-13.20} 24... Qxb2 25. Ree8 Qc1+ 26. Bxc1 Kf6 27. Rxa7 b5
28. Rc7 Kg7 29. Rxc6 29... Bd7 $18) ({10:-4.94} 24... h6 25. Bf4 Qxb2 26. Be5+
f6 27. Bd4 Kf7 28. Bc5 Be6 29. Rf8+ Kg7 30. Rxe6 Qxc3 31. Bd6 Qa1+ 32. Kh2
32... Qxa2 $18) 25. Ree8 Qb1+ ({10:-Mat06} 25... Qb1+ 26. Bf1 Bc8 27. Rexc8
Qxf1+ 28. Kxf1 h6 29. Rg8+ Kh7 30. Rh8+ Kg7 31. Rag8# $18) ({10:-13.68} 25...
Qc1+ 26. Bxc1 Kf6 27. Rxa7 b6 28. Be3 c5 29. Rb7 Kg7 30. Rxb6 30... c4 $18) 26.
Kh2 Bc8 27. Rexc8 Qh1+ 28. Kxh1 h5 29. Rg8+ Kh7 1-0